00734nam a2200169 a 4500003000200000005001700002008004100019050002700060100001900087245013600106260009000242300004000332504004100372650004200413650006000455650004900515020250319082450.0080923s19uu xx 00 eng d aPHS HD 7255b.K49 2008 aKim, Kyung Ah. aAssociation of gender, age group, educational status to perceptions on employment of physically handicapped people /cKyung Ah Kim. aLas Piñas City, Philippines :bSouthville International School and Colleges,c2008. a48 pages :billustrations ;c28 cm. aIncludes bibliographical references. aPeople with disabilitiesxEmployment. aDiscrimination in employmentxPeople with disabilities. aPeople with disabilitiesxSocial conditions.